000 00580nam a2200157 i 4500
001 42534
003 ES-MaACL
007 t|
008 030404s1885 fr ||||1| fre d
100 1 _aBarrois, Charles.
_926037
245 1 0 _aMémoire sur le calcaire á polypiers de Cabrières (Hérault) /
_cpar Charles Barrois.
260 _aLille :
_b[s.n.,
_c1885] (
_fImp. Liégeoix-Six)
300 _ap. [74]-97, [2] p. de lám. ;
_c23 cm.
500 _aExtrait des Annales de la Société Géologique du Nord. T.XIII, p. 74, séance du 2 Dècembre 1885.
852 _aES-MaACL
_jT-910-F-10
999 _c42534
_d42534